| 000 | 00422nam a22001457a 4500 | ||
|---|---|---|---|
| 020 | _a978-1-4075-3103-8 | ||
| 082 |
_a823 _bGRA/H |
||
| 100 | _aN.B.GRACE | ||
| 245 |
_aHIGH SCHOOL MUSICAL _b3 SENIOR YEAR |
||
| 260 |
_aUNITED KINGDOM _bPARRAGON _c2008 |
||
| 300 | _a125 | ||
| 520 | _aAS GRADUATION DAY NEARS, WILL THE WILDCATS SHARE THE STAGE FOR ONE LAST TIME? | ||
| 650 |
_aTHE BOOK OF THE FILM _zUNITED KINGDOM |
||
| 942 | _cBK | ||
| 999 |
_c436 _d436 |
||